[Event "?"]
[Site "Dos Hermanas ESP"]
[Date "1999.04.17"]
[Round "9"]
[White "Kramnik, Vladimir"]
[Black "Topalov, Veselin"]
[Result "1/2-1/2"]
[WhiteElo "2751"]
[BlackElo "2700"]

1.Cf3 c5 2.c4 g6 3.d4 Fg7 4.e4 d6 5.Fe2 Cc6 6.d5 Cd4 7.Cxd4 cxd4 8.O-O Db6
9.Cd2 Cf6 10.Tb1 a5 11.b3 O-O 12.a3 e5 13.b4 axb4 14.axb4 Fd7 15.Fd3 Dc7 
16.Cb3 b6 17.Fd2 Ch5 18.Tc1 Ta3 19.Ta1 Txa1 20.Cxa1 Cf4 21.Fxf4 exf4 22.
Cc2 Fa4 23.Dd2 Fxc2 24.Dxc2 Ta8 25.Db2 Da7 26.Td1 Fe5 27.f3 Da4 28.Td2 Ta7
29.Tc2 h5 30.Rf1 De8 31.c5 bxc5 32.bxc5 dxc5 33.Txc5 Da8 34.Tc1 Ta2 35.Db3
Rg7 36.Td1 Da5 37.Db5 Da3 38.d6 Fxd6 39.e5 Fb4 40.e6 Ta1 41.De5+ f6 42.
Dc7+ Fe7 43.Txa1 Dxa1+ 44.Re2 Da2+ 45.Rf1 Dxe6 46.Dxf4 Fd6 47.Dxd4 Fxh2 
48.De4 Df7 49.g4 1/2-1/2

[Event "FIDE WCh KO"]
[Site "Las Vegas, NV USA"]
[Date "1999.08.09"]
[Round "4.1"]
[White "Topalov, Veselin"]
[Black "Kramnik, Vladimir"]
[Result "1/2-1/2"]
[WhiteElo "2690"]
[BlackElo "2760"]

1.e4 e5 2.Cf3 Cf6 3.Cxe5 d6 4.Cf3 Cxe4 5.d4 d5 6.Fd3 Cc6 7.O-O Fe7 8.c4 
Cb4 9.Te1 Cxd3 10.Dxd3 c6 11.cxd5 cxd5 12.Db5+ Dd7 13.Db3 O-O 14.Cc3 Cxc3 
15.bxc3 Td8 16.Fa3 Ff6 17.Te3 Dc6 18.Fe7 Te8 19.Tae1 Fxe7 20.Txe7 Fd7 21.
h3 f6 22.Da3 a6 23.Cd2 Txe7 24.Txe7 Te8 25.Cf1 Txe7 26.Dxe7 De6 27.Dd8+ 
De8 28.Db6 Fc6 29.Ce3 h5 30.Dc7 De4 31.g3 Db1+ 32.Rg2 Fb5 33.Dc8+ Rh7 34.
Df5+ Dxf5 35.Cxf5 g6 36.Ce3 g5 37.h4 Rg6 38.f3 Fc6 39.Rf2 Rf7 40.a3 Re6 
41.Re2 Fb5+ 42.Rd2 Fc6 43.Rc2 Fa4+ 44.Rb2 Fb5 45.Rc2 Fe2 46.f4 gxh4 47.
gxh4 Fb5 48.Rb3 Fd3 49.Rb4 b6 50.Rb3 1/2-1/2

[Event "FIDE WCh KO"]
[Site "Las Vegas, NV USA"]
[Date "1999.08.10"]
[Round "4.2"]
[White "Kramnik, Vladimir"]
[Black "Topalov, Veselin"]
[Result "1/2-1/2"]
[WhiteElo "2760"]
[BlackElo "2690"]

1.d4 d5 2.c4 dxc4 3.Cf3 e6 4.e3 Cf6 5.Fxc4 c5 6.O-O Cc6 7.De2 a6 8.Td1 b5 
9.d5 exd5 10.Fxd5 Cxd5 11.e4 Fd6 12.exd5+ Ce7 13.a4 b4 14.Cbd2 O-O 15.Cc4 
Te8 16.Fg5 a5 17.Te1 Fa6 18.De4 Fxc4 19.Dxc4 Dc7 20.Fxe7 Fxe7 21.b3 Ff6 
22.Txe8+ Txe8 23.Td1 Td8 24.g3 g6 25.Rg2 Dd6 26.De4 Fc3 27.Td3 Rg7 28.h4 
h5 29.Td1 1/2-1/2

[Event "FIDE WCh KO g/25+10"]
[Site "Las Vegas, NV USA"]
[Date "1999.08.11"]
[Round "4.3"]
[White "Kramnik, Vladimir"]
[Black "Topalov, Veselin"]
[Result "1-0"]
[WhiteElo "2760"]
[BlackElo "2690"]

1.d4 d5 2.Cf3 e6 3.c4 dxc4 4.e3 Cf6 5.Fxc4 c5 6.O-O Cc6 7.De2 a6 8.a3 cxd4
9.Td1 b5 10.Fa2 d3 11.Txd3 Dc7 12.e4 Cg4 13.h3 Cge5 14.Cxe5 Dxe5 15.Fe3 
Fb7 16.Cc3 Fc5 17.Tad1 O-O 18.f4 Fxe3+ 19.Dxe3 Db8 20.Td7 Fc8 21.T7d6 Ce7 
22.Rh1 Dc7 23.Dg3 Rh8 24.h4 Cg8 25.Fb1 Fb7 26.Td7 Dc6 27.e5 Dc8 28.f5 exf5
29.Fxf5 Db8 30.Fe4 Fxe4 31.Cxe4 De8 32.T1d6 Ce7 33.Cf6 Cf5 34.Df4 gxf6 35.
Dxf5 Dxe5 36.Dxf6+ Dxf6 37.Txf6 Rg7 38.Tf5 h6 39.Rh2 Tad8 40.Tfxf7+ Txf7 
41.Txd8 Te7 42.Td6 Te3 43.Txa6 Tb3 44.Tb6 Txb2 45.a4 b4 46.Rg3 b3 47.Rf4 
Ta2 48.Rf5 Txa4 49.Tb7+ Rg8 50.g4 Ta6 51.Txb3 Rg7 52.Tb7+ Rg8 53.Te7 Ta5+ 
54.Te5 Ta4 55.Te4 Ta7 56.Rf6 Tg7 57.Te8+ Rh7 58.Te7 Txe7 59.Rxe7 Rg7 60.h5
1-0

[Event "FIDE WCh KO g/25+10"]
[Site "Las Vegas, NV USA"]
[Date "1999.08.11"]
[Round "4.4"]
[White "Topalov, Veselin"]
[Black "Kramnik, Vladimir"]
[Result "0-1"]
[WhiteElo "2690"]
[BlackElo "2760"]

1.c4 c5 2.Cf3 Cf6 3.d4 cxd4 4.Cxd4 e6 5.g3 Fb4+ 6.Fd2 Fe7 7.Fg2 Cc6 8.Ff4 
O-O 9.Cc3 a6 10.O-O Cxd4 11.Dxd4 d6 12.Dd3 Dc7 13.Tfd1 Td8 14.Tac1 Ch5 15.
Fd2 Tb8 16.Ce4 Cf6 17.Cxf6+ Fxf6 18.Ff4 e5 19.Fe3 Fe6 20.b3 h6 21.a4 b6 
22.Tc2 Fe7 23.Fd5 Dd7 24.Fxe6 Dxe6 25.f3 b5 26.cxb5 axb5 27.a5 d5 28.Fb6 
e4 29.Dxb5 Td6 30.fxe4 Fd8 31.exd5 Fxb6+ 32.axb6 De3+ 33.Rf1 Tf6+ 34.Re1 
Tfxb6 35.Dc5 De4 36.Rf2 Txb3 37.d6 T8b5 38.Tc4 Tf3+ 39.Rg1 Dxe2 40.Dd4 Tb2
0-1

[Event "Olympiad (men)"]
[Site "Elista RUS"]
[Date "1998.10.02"]
[Round "4"]
[White "Krasenkow, Michal"]
[Black "Topalov, Veselin"]
[Result "0-1"]
[WhiteElo "2655"]
[BlackElo "2700"]
[EventDate "1998.09.29"]

1.Cf3 d5 2.d4 Cf6 3.c4 e6 4.Cc3 Fe7 5.Fg5 h6 6.Fh4 O-O 7.e3 b6 8.Tb1 Ce4 
9.Fxe7 Dxe7 10.cxd5 Cxc3 11.bxc3 exd5 12.Fd3 c5 13.O-O Cc6 14.Te1 Df6 15.
dxc5 bxc5 16.e4 dxe4 17.Fxe4 Td8 18.Da4 Fd7 19.Dc4 Tac8 20.Dxc5 Fe6 21.a4 
Ce7 22.Dxa7 Cd5 23.Tbd1 Cxc3 24.Txd8+ Txd8 25.Fb7 g5 26.Da5 g4 27.Ce5 Td2 
28.Dc5 Ce2+ 29.Rh1 Cd4 30.Dc1 Dxf2 31.Tf1 De2 32.Te1 Tc2 33.Dd1 Dxd1 34.
Txd1 Ta2 35.Cc6 Cb3 36.a5 Cxa5 37.Cxa5 Txa5 38.g3 Rg7 39.Tf1 h5 40.Rg2 Rg6
41.Tf2 Rg5 42.Tb2 Tc5 43.Fe4 f5 44.Fb7 h4 45.Rf2 Tc3 46.Td2 Fc4 47.Fg2 Fd3
48.Ta2 Fc4 49.Tb2 Tc1 50.Td2 Fa6 51.Ta2 Fd3 52.Td2 Fc4 53.Tb2 f4 0-1

[Event "6. Amber Rapid"]
[Site "Monaco MNC"]
[Date "1997.??.??"]
[Round "9"]
[White "Topalov, Veselin"]
[Black "Lautier, Joel"]
[Result "1-0"]
[WhiteElo "2725"]
[BlackElo "2630"]

1.d4 d5 2.c4 dxc4 3.e3 Cf6 4.Fxc4 e6 5.Cf3 c5 6.O-O a6 7.Fb3 b5 8.a4 b4 9.
Cbd2 Fb7 10.e4 cxd4 11.e5 Cfd7 12.Cc4 Cc6 13.Fg5 Dc7 14.Tc1 Fc5 15.Cxd4 
Cdxe5 16.Cxe5 Dxe5 17.Cf3 Dd6 18.Dc2 Fa7 19.Tfd1 Dc7 20.De4 O-O 21.Ff4 Db6
22.Fe3 Da5 23.Cg5 Df5 24.Dxf5 exf5 25.Fxa7 Txa7 26.Cxf7 Ca5 27.Fe6 Fa8 28.
Tc5 Cc6 29.Ce5+ Rh8 30.Cxc6 Tc7 31.Txf5 1-0

[Event "6. Amber Blindfold"]
[Site "Monaco MNC"]
[Date "1997.??.??"]
[Round "9"]
[White "Lautier, Joel"]
[Black "Topalov, Veselin"]
[Result "0-1"]
[WhiteElo "2630"]
[BlackElo "2725"]

1.c4 e5 2.Cc3 Cf6 3.Cf3 Cc6 4.g3 Fc5 5.Fg2 d6 6.d3 h6 7.O-O a6 8.a3 O-O 9.
b4 Fa7 10.Fb2 Fg4 11.h3 Fe6 12.Tc1 Dd7 13.Rh2 Ce7 14.e3 Cg6 15.Ce2 c6 16.
Dc2 Tad8 17.e4 b5 18.cxb5 cxb5 19.Dc6 Dc8 20.Dc7 Da8 21.Dc6 Dc8 22.Dc7 Db8
23.Dxb8 Fxb8 24.Tc6 d5 25.exd5 Fxd5 26.Txa6 Fxf3 27.Fxf3 Txd3 28.Cg1 h5 
29.Td1 Tb3 30.Td2 h4 31.Fd1 hxg3+ 32.fxg3 Txg3 33.Txf6 e4 34.Txg6 fxg6 35.
Rh1 Tf1 36.Fd4 e3 37.Fb3+ Rh7 38.Tg2 Txh3+ 0-1

[Event "7. Amber Blindfold"]
[Site "Monaco MNC"]
[Date "1998.03.22"]
[Round "9"]
[White "Lautier, Joel"]
[Black "Topalov, Veselin"]
[Result "0-1"]
[WhiteElo "2645"]
[BlackElo "2740"]

1.e4 c5 2.c3 d5 3.exd5 Dxd5 4.Cf3 Cf6 5.d4 Fg4 6.Fe2 e6 7.h3 Fh5 8.O-O Cc6
9.Fe3 cxd4 10.cxd4 Fe7 11.Cc3 Dd6 12.Db3 O-O 13.Tfd1 Tfd8 14.a3 a6 15.Ca4 
Cd5 16.Cc5 b6 17.Cb7 Ca5 18.Cxa5 bxa5 19.Da4 Tab8 20.Td2 Dc7 21.Tc2 Db6 
22.Dc4 Fg6 23.Td2 Ta8 24.Tc1 Fd6 25.Dc6 Tdb8 26.Ce5 Dd8 27.Dd7 Cxe3 28.
fxe3 Fxe5 29.dxe5 Dxd7 30.Txd7 Txb2 31.Ff3 Tab8 32.Tc5 T2b5 33.Tb7 T5xb7 
34.Fxb7 Fd3 35.Tc7 g5 36.Rf2 Rg7 37.Rg3 a4 38.h4 gxh4+ 39.Rxh4 Td8 40.Rg3 
Fb5 41.Ff3 Td3 42.Rf4 Txa3 43.Fh5 Fe8 44.Ta7 Tc3 45.Txa6 a3 46.e4 Fc6 47.
Ta7 Tc4 48.Fxf7 Txe4+ 49.Rg3 Ta4 50.Txa4 Fxa4 51.Fxe6 Rf8 52.Fa2 Re7 53.e6
Rf6 54.Rf4 Fc6 55.g4 h6 56.g5+ hxg5+ 57.Rg4 Fb7 58.e7 Fc8+ 59.Rh5 Fd7 60.
Fb1 g4 61.e8=D Fxe8+ 62.Rxg4 Fg6 63.Fa2 Ff7 64.Fb1 Re5 0-1

[Event "7. Amber Rapid"]
[Site "Monaco MNC"]
[Date "1998.03.22"]
[Round "9"]
[White "Topalov, Veselin"]
[Black "Lautier, Joel"]
[Result "1/2-1/2"]
[WhiteElo "2740"]
[BlackElo "2645"]

1.Cf3 c5 2.c4 Cf6 3.Cc3 Cc6 4.g3 d5 5.d4 e6 6.cxd5 Cxd5 7.Fg2 Fe7 8.O-O 
O-O 9.e4 Cb6 10.dxc5 Fxc5 11.e5 Dxd1 12.Txd1 Cc4 13.Ce4 Fe7 14.Cd6 C6xe5 
15.Cxe5 Cxd6 16.Fd2 f6 17.Fb4 Cf5 18.Fxe7 Cxe7 19.Cd7 Te8 20.Tac1 Cd5 21.
Cc5 Tb8 22.Cxe6 Fxe6 23.Fxd5 Fxd5 24.Txd5 Te7 25.h4 Tbe8 26.Rg2 Rf7 27.Rf3
Te5 28.Td7+ T8e7 29.Txe7+ Txe7 30.a4 Td7 31.b4 Re7 32.Re4 Rd8 33.Tc4 Te7+ 
34.Rd5 Rd7 35.Tc2 Te5+ 36.Rd4 Te1 37.Rc5 1/2-1/2

[Event "Olympiad (men)"]
[Site "Elista RUS"]
[Date "1998.10.04"]
[Round "6"]
[White "Lautier, Joel"]
[Black "Topalov, Veselin"]
[Result "0-1"]
[WhiteElo "2625"]
[BlackElo "2700"]
[EventDate "1998.09.29"]

1.d4 Cf6 2.c4 e6 3.Cc3 Fb4 4.e3 c5 5.Ce2 cxd4 6.exd4 O-O 7.a3 Fe7 8.d5 
exd5 9.cxd5 Fc5 10.Cd4 d6 11.Fe2 a6 12.O-O Cbd7 13.Fe3 Ce5 14.h3 Te8 15.b4
Fb6 16.Db3 Fd7 17.a4 Tc8 18.Tac1 Cg6 19.Tfd1 Txe3 20.fxe3 De7 21.Ca2 Txc1 
22.Cxc1 Fxa4 23.Dxa4 Dxe3+ 24.Rh1 Ce4 25.Cf5 Cf2+ 26.Rh2 De5+ 27.Cg3 Ce4 
28.Db3 Ff2 29.Td3 h5 30.Fxh5 Cxg3 31.Txg3 Dxh5 32.Txg6 Dxg6 33.Df3 Fd4 34.
Cd3 Dg5 35.De4 De3 36.Dxe3 Fxe3 37.Rg3 g6 38.Rf3 Fd4 39.Re2 Rg7 40.Ce1 Rf6
41.Rd3 Ff2 42.Cf3 Rf5 43.Re2 Fa7 0-1

[Event "8. Amber Blindfold"]
[Site "Monaco MNC"]
[Date "1999.03.24"]
[Round "8"]
[White "Lautier, Joel"]
[Black "Topalov, Veselin"]
[Result "0-1"]
[WhiteElo "2596"]
[BlackElo "2700"]

1.d4 Cf6 2.c4 e6 3.Cf3 d5 4.Cc3 Fe7 5.Ff4 O-O 6.e3 c5 7.dxc5 Fxc5 8.a3 Cc6
9.b4 Cxb4 10.axb4 Fxb4 11.Db3 a5 12.Fe5 Cd7 13.Tc1 f6 14.Fg3 Cc5 15.Dc2 
Ce4 16.Db2 e5 17.Re2 Cxc3+ 18.Txc3 Fg4 19.h3 Fh5 20.Td3 Dc8 21.Da2 dxc4 
22.e4 Ff7 23.Te3 c3 24.Dc2 a4 25.Cxe5 fxe5 26.Fxe5 Fc4+ 27.Re1 Fb3 28.Tg3 
g6 29.Dc1 c2+ 30.Re2 Dc4+ 0-1

[Event "8. Amber Rapidplay"]
[Site "Monaco MNC"]
[Date "1999.03.24"]
[Round "8"]
[White "Topalov, Veselin"]
[Black "Lautier, Joel"]
[Result "1/2-1/2"]
[WhiteElo "2700"]
[BlackElo "2596"]

1.d4 Cf6 2.c4 e6 3.Cc3 Fb4 4.Dc2 O-O 5.a3 Fxc3+ 6.Dxc3 b6 7.Fg5 Fb7 8.f3 
h6 9.Fh4 d5 10.e3 c5 11.dxc5 bxc5 12.cxd5 g5 13.Ff2 Cxd5 14.Dd2 Cc6 15.Ce2
Ce5 16.Cc3 c4 17.Cxd5 Dxd5 18.e4 Dxd2+ 19.Rxd2 Tfd8+ 20.Rc3 Cd3 21.Fe3 Fa6
1/2-1/2

[Event "ESP Team Ch Div 1"]
[Site "Cala Galdana ESP"]
[Date "1999.11.13"]
[Round "6"]
[White "Lautier, Joel"]
[Black "Topalov, Veselin"]
[Result "1/2-1/2"]
[WhiteElo "2638"]
[BlackElo "2690"]

1.d4 Cf6 2.c4 c5 3.d5 b5 4.cxb5 a6 5.b6 d6 6.Cc3 g6 7.Cf3 Fg7 8.e4 Cbd7 9.
Fe2 O-O 10.h3 Cxb6 11.Ff4 Ce8 12.Dd2 Cc7 13.Fh6 f5 14.h4 fxe4 15.Fxg7 Rxg7
16.Cg5 e3 17.fxe3 h6 18.Cf3 e6 19.dxe6 Fxe6 20.e4 De7 21.O-O-O Tad8 22.Cd4
Fd7 23.Cc2 Fe6 24.Cd4 Fd7 25.Cc2 Fe6 1/2-1/2

[Event "Hoogovens"]
[Site "Wijk aan Zee NED"]
[Date "1996.??.??"]
[Round "10"]
[White "Leko, Peter"]
[Black "Topalov, Veselin"]
[Result "1/2-1/2"]
[WhiteElo "2625"]
[BlackElo "2700"]

1.e4 c5 2.Cf3 e6 3.d4 cxd4 4.Cxd4 Cc6 5.Cb5 d6 6.Ff4 e5 7.Fe3 a6 8.C5c3 
Cf6 9.Fg5 Fe7 10.Cd2 O-O 11.Cc4 Fe6 12.Fxf6 Fxf6 13.Dxd6 Dxd6 14.Cxd6 b5 
15.Fd3 g6 16.Cb7 Fe7 17.Cd5 Fxd5 18.exd5 Cb4 19.Fe4 f5 20.a3 fxe4 21.axb4 
Fxb4+ 22.c3 Tf7 23.cxb4 Txb7 24.Re2 Td7 25.Thd1 Tad8 26.Txa6 Txd5 27.Txd5 
Txd5 28.Tb6 Rg7 29.h4 h5 30.g3 Rf7 31.Re3 Rg7 32.Rxe4 Td4+ 33.Rxe5 Txb4 
34.Tb7+ Rh6 35.f3 Txb2 36.g4 hxg4 37.fxg4 Th2 38.g5+ Rh5 39.Th7+ Rg4 40.
Rf6 Txh4 41.Tb7 Rh5 42.Th7+ 1/2-1/2

[Event "SuperGM"]
[Site "Sarajevo BIH"]
[Date "1999.05.25"]
[Round "8"]
[White "Leko, Peter"]
[Black "Topalov, Veselin"]
[Result "1/2-1/2"]
[WhiteElo "2694"]
[BlackElo "2700"]

1.e4 c5 2.Cf3 d6 3.d4 cxd4 4.Cxd4 Cf6 5.Cc3 a6 6.Tg1 b5 7.g4 Fb7 8.Fg2 e6 
9.a3 Cfd7 10.g5 g6 11.f4 e5 12.Cde2 Cb6 13.fxe5 dxe5 14.Dxd8+ Rxd8 15.Fe3 
C8d7 16.O-O-O Re8 17.Fh3 h6 18.Fxd7+ Cxd7 19.Cd5 Tc8 20.h4 hxg5 21.hxg5 
Th2 22.Td2 Th3 23.Tg3 Th4 24.Cec3 Fc5 25.Fxc5 Cxc5 26.b4 Fxd5 27.Txd5 Ce6 
28.Txe5 Th2 29.Td5 Cf4 30.Td2 Th3 31.Txh3 Cxh3 32.Rb2 Cxg5 33.Td5 f6 34.
Td1 Tc6 35.Rb3 Re7 36.Tg1 Rf7 37.Td1 Re6 38.Td8 Re5 39.Tg8 Rd4 40.Cd1 Cxe4
41.Txg6 Td6 42.Tg8 f5 43.a4 f4 44.axb5 axb5 45.Tf8 f3 46.Rb2 Tf6 47.Td8+ 
Re5 48.Ce3 Td6 49.Tf8 Cf6 50.c4 Td3 51.cxb5 Txe3 52.b6 Te2+ 53.Rc3 Cd5+ 
54.Rd3 Cf4+ 55.Rc3 Te3+ 56.Rc2 Cd5 57.b7 Cxb4+ 58.Rd2 Td3+ 59.Re1 Cc6 
1/2-1/2

[Event "Schachtage"]
[Site "Dortmund GER"]
[Date "1999.07.11"]
[Round "2"]
[White "Topalov, Veselin"]
[Black "Leko, Peter"]
[Result "0-1"]
[WhiteElo "2700"]
[BlackElo "2694"]

1.e4 e5 2.Cf3 Cc6 3.Fb5 Cf6 4.O-O Fc5 5.c3 O-O 6.d4 Fb6 7.Fg5 h6 8.Fh4 d6 
9.Dd3 Fd7 10.Cbd2 a6 11.Fc4 exd4 12.cxd4 g5 13.Cxg5 hxg5 14.Fxg5 Rg7 15.
Cb3 Ce7 16.Fxf6+ Rxf6 17.f4 Fe6 18.Rh1 Fxc4 19.Dxc4 Rg7 20.f5 f6 21.Tf3 
Th8 22.Tg3+ Rf8 23.De6 Cg8 24.Te1 De8 25.Dc4 Df7 26.Dc3 Te8 27.Tg4 Dh5 28.
Dg3 Ce7 29.h3 Cxf5 30.Df4 Tg8 31.Txg8+ Rxg8 32.Tf1 Cg7 33.Dxf6 Txe4 34.Rh2
De8 35.Dg5 c6 36.Dg3 De6 37.Cd2 Txd4 38.Cf3 Td5 39.Te1 Df7 40.Dg4 Fd8 41.
Dc8 Dc7 42.Dxc7 Fxc7 43.Te7 Fb6 44.g4 Tb5 45.b3 Rf8 46.Td7 Ce6 47.Ch4 Re8 
48.Th7 Cf8 0-1

[Event "6. Amber Rapid"]
[Site "Monaco MNC"]
[Date "1997.??.??"]
[Round "2"]
[White "Topalov, Veselin"]
[Black "Ljubojevic, Ljubomir"]
[Result "1-0"]
[WhiteElo "2725"]
[BlackElo "2570"]

1.d4 Cf6 2.c4 e6 3.Cf3 b6 4.g3 Fa6 5.b3 Fb4+ 6.Fd2 Fe7 7.Fg2 c6 8.Fc3 d5 
9.Ce5 Cfd7 10.Cxd7 Cxd7 11.Cd2 O-O 12.O-O b5 13.c5 e5 14.dxe5 Cxc5 15.a3 
Fb7 16.Fb2 a5 17.Tc1 Tc8 18.f4 f5 19.exf6 Fxf6 20.Fxf6 Dxf6 21.Rh1 De7 22.
Te1 Tcd8 23.Dc2 Cd7 24.e4 Dxa3 25.e5 De7 26.Cf3 g6 27.Cd4 Tc8 28.Dd2 Db4 
29.Dxb4 axb4 30.Cxc6 Rg7 31.Cd4 Txc1 32.Txc1 Tc8 33.Txc8 Fxc8 34.Fxd5 Cc5 
35.Cxb5 g5 36.Rg2 Rg6 37.Rf3 h5 38.Cd4 Fg4+ 39.Re3 h4 40.Cc6 Fd1 41.Cxb4 
hxg3 42.hxg3 gxf4+ 43.gxf4 Fxb3 44.Rd4 Ce6+ 45.Fxe6 Fxe6 46.Cc2 Rf5 47.Re3
Fc8 48.Cd4+ Rg6 49.Rd3 Fa6+ 50.Rc3 Rh5 51.Rb4 Rg4 52.f5 Rg5 53.Rc5 Fc8 54.
Rd5 1-0

[Event "6. Amber Blindfold"]
[Site "Monaco MNC"]
[Date "1997.??.??"]
[Round "2"]
[White "Ljubojevic, Ljubomir"]
[Black "Topalov, Veselin"]
[Result "0-1"]
[WhiteElo "2570"]
[BlackElo "2725"]

1.d4 Cf6 2.c4 g6 3.Cc3 Fg7 4.g3 d5 5.cxd5 Cxd5 6.Fg2 Cxc3 7.bxc3 O-O 8.Cf3
c5 9.O-O Cc6 10.e3 Da5 11.Db3 Dc7 12.Fa3 b6 13.dxc5 Tb8 14.Tfc1 Fe6 15.
cxb6 axb6 16.Db5 Fd7 17.Dc4 Tfc8 18.Dh4 Fe8 19.Cd4 Ff6 20.Df4 Ce5 21.Ff1 
Db7 22.Fb4 Rg7 23.Td1 Fa4 24.Td2 Td8 25.Fg2 Da7 26.De4 Dc7 27.f4 Cc4 28.
Te2 Fe8 29.g4 h6 30.a4 e5 31.Cb5 Fxb5 32.axb5 exf4 33.exf4 Te8 34.Dxe8 
Txe8 35.Txe8 Cd6 36.Tea8 Cxb5 37.Fd5 Dd7 38.Ff3 Fxc3 39.Td1 Dc7 40.Ff8+ 
Rh7 41.Rg2 Cd4 42.Te8 Cxf3 43.Rxf3 Dc6+ 44.Te4 f5 45.gxf5 gxf5 46.Td7+ Rg8
0-1

[Event "7. Amber Blindfold"]
[Site "Monaco MNC"]
[Date "1998.03.26"]
[Round "11"]
[White "Ljubojevic, Ljubomir"]
[Black "Topalov, Veselin"]
[Result "1-0"]
[WhiteElo "2565"]
[BlackElo "2740"]

1.d4 Cf6 2.c4 g6 3.g3 Fg7 4.Fg2 O-O 5.Cc3 d6 6.Cf3 Cbd7 7.O-O e5 8.h3 c6 
9.e4 Te8 10.Tb1 a6 11.a3 Tb8 12.Te1 b5 13.c5 exd4 14.Cxd4 Ce5 15.f4 dxc5 
16.fxe5 cxd4 17.exf6 Fxf6 18.Ff4 Db6 19.Ca2 Fe6 20.Cb4 Tbc8 21.e5 Fg7 22.
Tc1 Fd7 23.Df3 a5 24.Cd3 c5 25.Db7 Dxb7 26.Fxb7 c4 27.Fxc8 Txc8 28.Cf2 h6 
29.h4 c3 30.Ted1 g5 31.hxg5 hxg5 32.Fxg5 Ff5 33.g4 Fg6 34.Txd4 c2 35.Td5 
b4 36.Txa5 bxa3 37.bxa3 Tb8 38.Rf1 Te8 39.Tc5 Txe5 40.Txe5 Fxe5 41.Te1 Fc3
42.Te8+ Rg7 43.Tc8 Fb2 44.a4 1-0

[Event "7. Amber Rapid"]
[Site "Monaco MNC"]
[Date "1998.03.26"]
[Round "11"]
[White "Topalov, Veselin"]
[Black "Ljubojevic, Ljubomir"]
[Result "1-0"]
[WhiteElo "2740"]
[BlackElo "2565"]

1.Cf3 d5 2.d4 Cf6 3.c4 c6 4.Cc3 e6 5.Fg5 h6 6.Fxf6 Dxf6 7.e3 Cd7 8.Fd3 g6 
9.e4 dxe4 10.Cxe4 Fb4+ 11.Re2 Dg7 12.c5 Fa5 13.Cd6+ Re7 14.Db3 Fc7 15.The1
Fxd6 16.cxd6+ Rxd6 17.Rf1 Rc7 18.Tac1 Cb6 19.Ce5 Fd7 20.Fe4 g5 21.Dg3 Rd8 
22.Ff3 Te8 23.a4 a5 24.Fxc6 bxc6 25.Cxc6+ Fxc6 26.Txc6 Cd7 27.Dc7+ Re7 28.
Dd6+ Rd8 29.Tc7 f6 30.Tec1 g4 31.Tb7 Te7 32.Dc6 Dg5 33.Tc7 Cb6 34.Dxb6 
Txc7 35.Txc7 1-0

[Event "8. Amber Blindfold"]
[Site "Monaco MNC"]
[Date "1999.03.21"]
[Round "5"]
[White "Ljubojevic, Ljubomir"]
[Black "Topalov, Veselin"]
[Result "1/2-1/2"]
[WhiteElo "2571"]
[BlackElo "2700"]

1.d4 Cf6 2.c4 e6 3.Cf3 c5 4.Cc3 cxd4 5.Cxd4 Cc6 6.Cdb5 d5 7.cxd5 Cxd5 8.
Cxd5 exd5 9.Dxd5 Fb4+ 10.Fd2 De7 11.Cc3 Fe6 12.De4 f5 13.Db1 O-O 14.e3 
Tad8 15.Fe2 Ce5 16.Dc2 Fc4 17.Fxc4+ Cxc4 18.Db3 b5 19.Td1 Rh8 20.Fc1 Txd1+
21.Dxd1 Td8 22.Db3 f4 23.O-O fxe3 24.fxe3 a6 25.e4 h6 26.Dc2 Dc5+ 27.Rh1 
Tf8 28.Txf8+ Dxf8 29.De2 Fxc3 30.bxc3 Df6 31.De1 De5 32.h3 Cd6 33.Dd1 Cxe4
34.Dd8+ Rh7 35.Dd3 Rg8 36.Dd8+ Rf7 37.Dd7+ Rf6 38.Dd8+ Re6 39.De8+ Rd5 40.
Dg8+ Rc6 41.Dc8+ Rd5 42.Dg8+ 1/2-1/2

[Event "8. Amber Rapidplay"]
[Site "Monaco MNC"]
[Date "1999.03.21"]
[Round "5"]
[White "Topalov, Veselin"]
[Black "Ljubojevic, Ljubomir"]
[Result "1-0"]
[WhiteElo "2700"]
[BlackElo "2571"]

1.d4 Cf6 2.c4 e6 3.Cf3 b6 4.g3 Fb4+ 5.Fd2 Fe7 6.Fg2 Fb7 7.Cc3 d5 8.cxd5 
exd5 9.O-O O-O 10.Ff4 a6 11.Db3 Cc6 12.Tad1 Ca5 13.Dc2 Cc4 14.Ce5 Cd6 15.
Fg5 Cfe4 16.Fxe7 Dxe7 17.e3 Tad8 18.Cxe4 dxe4 19.Tc1 c5 20.dxc5 Dxe5 21.
cxd6 Txd6 22.Dc7 Dd5 23.Fh3 f5 24.b3 Tf7 25.Dc3 Tfd7 26.Tfe1 h5 27.Ff1 Rh7
28.Fc4 Dd2 29.De5 g6 30.a4 Db4 31.Fe6 Tg7 32.Ted1 Txd1+ 33.Txd1 b5 34.axb5
axb5 35.Td8 Da5 36.Fg8+ Rh8 37.Td7 1-0

[Event "It 94-95"]
[Site "Pamplona ESP"]
[Date "1994.??.??"]
[Round "?"]
[White "Morozevich, Alexander"]
[Black "Topalov, Veselin"]
[Result "1-0"]
[WhiteElo "2605"]
[BlackElo "2630"]
[EventDate "1994.12.??"]

1.e4 c5 2.Cf3 d6 3.Fb5+ Fd7 4.Fxd7+ Dxd7 5.c4 g6 6.d4 cxd4 7.Cxd4 Fg7 8.
O-O Cc6 9.Ce2 Ce5 10.Cbc3 Cxc4 11.b3 Cb6 12.a4 Dd8 13.Fe3 Cf6 14.Tc1 O-O 
15.h3 Cbd7 16.g4 Ce5 17.f4 Cc6 18.f5 Tc8 19.Cf4 Cd7 20.g5 Cb4 21.Cce2 Cc5 
22.Tc4 a5 23.Cg3 Fe5 24.Dg4 Cxb3 25.fxg6 Txc4 26.gxh7+ Rh8 27.g6 Cc2 28.
Cf5 Fg7 29.gxf7 Txf7 30.Dh5 Tf6 31.Cg6+ Txg6+ 32.Dxg6 Df8 33.Fh6 1-0

[Event "?"]
[Site "Madrid ESP"]
[Date "1996.??.??"]
[Round "5"]
[White "Topalov, Veselin"]
[Black "Morozevich, Alexander"]
[Result "1-0"]
[WhiteElo "2700"]
[BlackElo "2625"]

1.Cf3 Cf6 2.c4 e6 3.g3 d5 4.d4 dxc4 5.Fg2 c5 6.O-O Cc6 7.Ce5 Fd7 8.Ca3 
cxd4 9.Caxc4 Cxe5 10.Cxe5 Db6 11.Cxd7 Cxd7 12.Da4 O-O-O 13.Td1 Fe7 14.Txd4
Fc5 15.Tc4 Rb8 16.Rf1 e5 17.Fg5 Dxb2 18.Tcc1 Cb6 19.De4 Td7 20.Tab1 Dd4 
21.Dxd4 Fxd4 22.e3 h6 23.Fh3 hxg5 24.Fxd7 Fxe3 25.fxe3 Cxd7 26.Rg2 b6 27.
Tb5 f6 28.Tc6 Te8 29.Td5 Cc5 30.Rf3 Rb7 31.Tcd6 Rc7 32.Rg4 Th8 33.h3 a5 
34.Td1 a4 35.a3 Ce4 36.Td7+ Rc6 37.Rf3 f5 38.Rg2 Tc8 39.Tf7 Cc3 40.Tc1 Rd5
41.Txf5 Rc4 42.Txg5 Rb3 43.Txg7 Rxa3 44.h4 Rb2 45.Tf1 Th8 46.Rh3 a3 47.Ta7
b5 48.g4 b4 49.g5 Tg8 50.Tg1 a2 51.Tg2+ Rb1 52.g6 b3 53.h5 b2 54.Ta3 Td8 
55.Txc3 a1=D 56.Tb3 Da6 57.Tbxb2+ Rc1 58.Ta2 De6+ 59.Rh2 Rb1 60.Tab2+ Rc1 
61.Ta2 Rb1 62.Taf2 Rc1 63.g7 Dg8 64.Tf1+ Td1 65.Txd1+ Rxd1 66.h6 Re1 67.
Rg1 Db3 68.g8=D Dxe3+ 69.Rh1 Dxh6+ 70.Th2 1-0

[Event "SuperGM"]
[Site "Sarajevo BIH"]
[Date "1999.05.26"]
[Round "9"]
[White "Topalov, Veselin"]
[Black "Morozevich, Alexander"]
[Result "0-1"]
[WhiteElo "2700"]
[BlackElo "2723"]

1.e4 e6 2.d4 d5 3.Cc3 Cf6 4.e5 Cfd7 5.f4 c5 6.Cf3 Cc6 7.Fe3 cxd4 8.Cxd4 
Fc5 9.Dd2 O-O 10.O-O-O a6 11.h4 Cxd4 12.Fxd4 b5 13.h5 b4 14.Ce2 a5 15.De3 
Dc7 16.Rb1 Fa6 17.Fxc5 Cxc5 18.Cg3 Tfc8 19.Tc1 a4 20.Fxa6 Txa6 21.Thd1 a3 
22.b3 Tc6 23.Dd4 Ca6 24.Td2 De7 25.Dd3 Dh4 26.Df3 Tc3 27.Td3 h6 28.f5 Dg5 
29.Df1 Txd3 30.Dxd3 Cc5 31.Df3 Cd7 0-1

[Event "12. Olympiad"]
[Site "Moscow RUS"]
[Date "1994.??.??"]
[Round "14"]
[White "Topalov, Veselin"]
[Black "Nikolic, Predrag"]
[Result "1/2-1/2"]
[WhiteElo "2645"]
[BlackElo "2655"]

1.e4 e6 2.d4 d5 3.Cc3 Fb4 4.e5 c5 5.a3 Fxc3+ 6.bxc3 Ce7 7.Cf3 Fd7 8.Fd3 c4
9.Ff1 Da5 10.Fd2 Cbc6 11.g3 O-O-O 12.h4 f5 13.h5 h6 14.Ch4 Rb8 15.Fh3 Tdf8
16.a4 Fe8 17.f4 g5 18.hxg6 Cxg6 19.Cxg6 Fxg6 20.Fg2 Tfg8 21.Rf2 Th7 22.Ff3
Ra8 23.Th3 Fe8 24.Re3 1/2-1/2

[Event "14. Ciudad de Linares"]
[Site "Linares ESP"]
[Date "1997.02.14"]
[Round "9"]
[White "Nikolic, Predrag"]
[Black "Topalov, Veselin"]
[Result "0-1"]
[WhiteElo "2655"]
[BlackElo "2725"]

1.d4 g6 2.c4 Fg7 3.Cf3 d6 4.g3 c5 5.d5 b5 6.cxb5 a6 7.bxa6 Cf6 8.Cc3 O-O 
9.Fg2 Ff5 10.O-O Cxa6 11.Ce1 Dd7 12.e4 Fh3 13.Tb1 Tfb8 14.b3 Fxg2 15.Cxg2 
Cg4 16.Fb2 Cc7 17.Dc2 Fd4 18.Rh1 Ce5 19.De2 Dc8 20.f4 Cg4 21.Df3 Tb4 22.h3
Ce5 0-1

[Event "6. Amber Rapid"]
[Site "Monaco MNC"]
[Date "1997.??.??"]
[Round "8"]
[White "Nikolic, Predrag"]
[Black "Topalov, Veselin"]
[Result "1-0"]
[WhiteElo "2655"]
[BlackElo "2725"]

1.Cf3 g6 2.c4 Fg7 3.g3 c5 4.Fg2 Cc6 5.O-O e6 6.Cc3 Cge7 7.a3 O-O 8.Tb1 d6 
9.b4 b6 10.Db3 Tb8 11.d3 Cd4 12.Cxd4 cxd4 13.Ce4 h6 14.b5 Fb7 15.a4 f5 16.
Cd2 Fxg2 17.Rxg2 Dd7 18.Fb2 Rh7 19.e3 dxe3 20.Fxg7 Db7+ 21.Cf3 e2 22.Tfe1 
Rxg7 23.d4 g5 24.Rg1 Cg6 25.Txe2 Tf6 26.c5 bxc5 27.dxc5 dxc5 28.Ce5 Te8 
29.Td1 Cxe5 30.Txe5 Dc7 31.Dc3 c4 32.Td4 Te7 33.Txc4 Dd7 34.Td4 Db7 35.Td6
Rf7 36.Tc5 f4 37.Tdc6 fxg3 38.hxg3 Dd7 39.Dc2 Tf5 40.Tc7 Dd6 41.Txf5+ exf5
42.Dxf5+ Rg7 43.Tc6 1-0

[Event "6. Amber Blindfold"]
[Site "Monaco MNC"]
[Date "1997.??.??"]
[Round "8"]
[White "Topalov, Veselin"]
[Black "Nikolic, Predrag"]
[Result "1-0"]
[WhiteElo "2725"]
[BlackElo "2655"]

1.e4 e6 2.d4 d5 3.e5 c5 4.c3 Cc6 5.Cf3 Fd7 6.Fe2 Cge7 7.h4 cxd4 8.cxd4 Db6
9.Ca3 Cf5 10.Cc2 Fb4+ 11.Rf1 h5 12.a3 Fe7 13.b4 Tc8 14.g3 f6 15.Fd3 fxe5 
16.Fxf5 exf5 17.dxe5 d4 18.Ccxd4 Cxd4 19.Cxd4 a5 20.Fe3 axb4 21.axb4 Dxb4 
22.Rg2 Dc5 23.Db3 Db4 24.Thb1 Dxb3 25.Txb3 Tc7 26.Ta8+ Tc8 27.Ta5 b6 28.
Ta7 Td8 29.e6 Fc8 30.Cc6 Ff6 31.Cxd8 Fxd8 32.Fxb6 Ff6 33.Fc5 1-0